Escola Professional de la Dona [Enregistrament de vídeo] : 70 anys a la Casa dels Canonges 70 anys a la Casa dels Canonges
Descripción Física:
1 videocasset (VHS)
MARC
| LEADER | 00000nam a2200000Ia 4500 | ||
|---|---|---|---|
| 001 | 20896 | ||
| 008 | 160829s19-- ?] xx 000 0 cat d | ||
| 080 | |a VID-17 | ||
| 245 | |a Escola Professional de la Dona [Enregistrament de vídeo] : |b 70 anys a la Casa dels Canonges | ||
| 260 | |a [s.l. : |b s.n., |c 19-- ?] | ||
| 300 | |a 1 videocasset (VHS) | ||
| 610 | 2 | 0 | |a Escola Professional de la Dona |x Història |9 52887 |
| 710 | 2 | |a Escola Professional de la Dona |9 52886 | |
| 901 | |a Arxiu | ||
| 942 | |n 1 | ||
| 952 | |0 0 |1 0 |4 0 |6 VID17 |7 1 |9 50123 |a Arxiu |b Arxiu |d 2016-12-01 |l 0 |o VID-17 |p 20896 |r 2016-12-01 00:00:00 |w 2016-12-01 |y ARXIU | ||
| 952 | |0 0 |1 0 |4 0 |6 PDL |7 1 |9 63717 |a Arxiu |b Arxiu |d 2022-09-01 |l 0 |o PDL |p 26639 |r 2022-09-01 00:00:00 |w 2022-09-01 |y ARXIU | ||
| 952 | |0 0 |1 0 |4 0 |6 PDL |7 1 |9 63718 |a Arxiu |b Arxiu |d 2022-09-01 |l 0 |o PDL |p 26640 |r 2022-09-01 00:00:00 |w 2022-09-01 |y ARXIU | ||
| 999 | |c 53965 |d 53965 | ||